Effective and efficient cost planning (Record no. 98886)

MARC details
000 -LEADER
fixed length control field 00455cam a2200157 4500
001 - CONTROL NUMBER
control field D11147
008 - FIXED-LENGTH DATA ELEMENTS--GENERAL INFORMATION
fixed length control field 090401t xxu||||| |||| 00| 0 eng d
035 ## - SYSTEM CONTROL NUMBER
System control number (Sirsi) u97421
041 ## - LANGUAGE CODE
Language code of text/sound track or separate title eng
100 ## - MAIN ENTRY--PERSONAL NAME
Personal name Morrison, N.A.D.
245 ## - TITLE STATEMENT
Title Effective and efficient cost planning
350 ## - PRICE (NR) (BK AM CF MU VM SE) [OBSOLETE]
Price 0
520 ## - SUMMARY, ETC.
Summary, etc. In RICS Quantity Surveyors` Division. Cost planning and computers. One-day conference, 1st December 1981. 1981/87A
942 ## - ADDED ENTRY ELEMENTS (KOHA)
Suppress in OPAC 0
948 ## - LOCAL PROCESSING INFORMATION (OCLC); SERIES PART DESIGNATOR (RLIN)
c (OCLC) 04/03/1997
Holdings
Withdrawn status Lost status Source of classification or shelving scheme Damaged status Not for loan Home library Current library Shelving location Date acquired Total Checkouts Full call number Barcode Date last seen Copy number Price effective from Koha item type
    Other/Generic Classification Scheme     London London RICS Boxes 04/05/2001   RICS 1981/87 97421-1001 06/08/2019 1 06/08/2019 Reference material